Statistiques concernant Mots commençant par "bou"

Cliquez ici pour prendre le quiz!

Statistiques générales

  • Ce quiz a été pris 387 fois
  • Le résultat moyen est 9 sur 15

Statistiques - réponses

SynomymesMots mystères% Correct
EmbouteillageBouchon
96%
LivreBouquin
87%
MangerBouffer
85%
CarafeBouteille
79%
PustuleBouton
79%
MouvoirBouger
71%
CommerceBoutique
67%
ChaufferetteBouillotte
60%
PâtisserieBoulangerie
52%
Eau de cuissonBouillon
49%
HameauBourg
47%
CompasBoussole
40%
SaucissonBoudin
36%
CagnotteBourse
36%
BaliseBouée
19%

Distribution des résultats

Percentile par nombre de réponses

% des personnes avec chaque résultat

Votre développement - résultats

Vous n’avez pas pris ce quiz